00469nam a2200145Ia 4500008004100000041000800041082001700049100002100066245002600087260003500113300003300148365000700181999001300188952012200201240624s9999 xx 000 0 und d aeng a332.6327 NEW aFREDMAN ALBERT J aHOW MUTUAL FUNDS WORK c1997aNew DelhibPrentice-Hall axviii, : 334 : p. : cm. ; 23 cRS c451d451 00144070aIMTNbIMTNcRack 12-Ad2004-10-11eJBDg150.00o332.6327 NEWp451r2024-06-24 00:00:00t1w2024-06-24yBK